000 01141nam a2200313 4500
001 0000013543
003 CO-CtgCURN
005 20250329174203.0
007 ta
008 160627s1998 000 0 eng d
020 _a9701701658
040 _aCO-CtgCURN
_bspa
_ccoctgcurn
082 0 _a005.43
_bT164si
100 1 _aTanenbaum, Andrew S.
245 1 0 _aSistemas operativos :
_bdiseño e implementacion /
_cAndrew S. Tanenbaum, Albert S. Woodhull , traducción Roberto Escalona.
250 _a2a ed.
260 _aMexico :
_bPrentice Hall,
_c1998.
300 _axix, 939 p.
336 _2rdacontent
337 _2rdamedia
_asin mediacion
_bn
338 _2rdacarrier
_avolumen
_bnc
500 _aIncluye indice\Traducido de : Operating systems : design and implementation.
505 8 _aQue es un sistema operativo -- Procesos -- Entrada/Salida. Administración de memoria -- Sistemas de archivos
650 1 4 _aSistemas operacionales (Computadores)
700 1 _aWoodhull, Albert S.
908 _a160627
942 _cBK
_h005.43
_iT164si
_2ddc
999 _c9025
_d9025